Estudios sobre federalismo: análisis comparado de la constitución de Australia, Canadá, Alemania, Suiza y los Estados Unidos
Bewaard in:
| Hoofdauteurs: | , |
|---|---|
| Formaat: | Boek |
| Taal: | Spaans |
| Gepubliceerd in: |
Buenos Aires
Bibliográfica Argentina
1958
|
| Reeks: | Ciencias Políticas y Sociales
|
| Onderwerpen: | |
| Tags: |
Voeg label toe
Geen labels, Wees de eerste die dit record labelt!
|
MARC
| LEADER | 00000nam a2200000 a 4500 | ||
|---|---|---|---|
| 001 | UCT6270 | ||
| 003 | CL-VaPUC | ||
| 008 | 970106e19580000AG |||||||||||||||||spa|d | ||
| 082 | 0 | 4 | |a 321.02 |b BOW |2 21 |
| 100 | 0 | |a Bowie, Robert R |e author |9 376238 | |
| 700 | 0 | |a Friedrich, Carl Joachim |e author |9 376239 | |
| 245 | 1 | 0 | |a Estudios sobre federalismo: análisis comparado de la constitución de Australia, Canadá, Alemania, Suiza y los Estados Unidos |
| 300 | |a 969 p | ||
| 942 | |c BK | ||
| 945 | |d 19970106 00:00:00 |a paguirre | ||
| 260 | |a Buenos Aires |b Bibliográfica Argentina |c 1958 | ||
| 650 | 0 | |a Federalismo |9 313886 | |
| 650 | 0 | |a Doctrinas políticas |9 255835 | |
| 650 | 7 | |a FEDERACION |2 CL-VaPUC |9 358919 | |
| 650 | 0 | |a Ciencias Políticas |9 255201 | |
| 650 | 0 | |a Estado |9 255503 | |
| 650 | 0 | |a Gobierno |9 255508 | |
| 651 | 0 | |a Australia |9 262077 | |
| 651 | 7 | |a CANADA |2 CL-VaPUC |9 376240 | |
| 651 | 0 | |a Alemania |9 255688 | |
| 651 | 0 | |a Suiza |9 256768 | |
| 651 | 0 | |a Estados Unidos |9 255178 | |
| 583 | |a last modification |c 19970106 00:00:00 |k Rodrigo Vera | ||
| 490 | 0 | |a Ciencias Políticas y Sociales | |
| 999 | |c 254985 |d 254983 | ||
| 952 | |0 0 |1 0 |4 0 |6 321_020000000000000_BOW_1958 |7 0 |8 A |9 277000 |a BIBDER |b BIBDER |d 2019-11-19 |i 1802828 |o 321.02 BOW 1958 |p 1802828 |r 2023-01-25 |w 2019-11-19 |y BK |k DER | ||